=LDR 00000nam 2200000 4500 =001 INLIS000000000044155 =005 20131008105108 =008 ***********************************ind** =035 ##$$0010-101300000002077 =041 ##$$a ind =082 ##$$a R.340.2 =090 ##$$a R.340.2, Ami p =100 ##$$a Amijoyo, Sri Badini =245 ##$$a Perlindungan Hukum Terhadap Pengungsi Berdasarkan Konvensi Jenewa 1951; Sri Badini Amijoyo =260 ##$$a 2004 $b Jakarta =300 ##$$a viii, 53 hlm., 22 cm =650 ##$$a Hukum =650 ##$$a Bunga Rampai =850 ##$$a NBPNMAT